000
00246nam a2200109Ia 4500
008
220204s9999 xx 000 0 und d
082
_a
82-7
_b
LAX
100
_a
Laxman, R K
245
0
_a
You said it. 1
260
_a
Bombay
_b
IBH
_c
1979
942
_c
BK
999
_c
33580
_d
33580